Normal view
MARC view
Entry Geographic Name
001 - CONTROL NUMBER
- control field: 11595
003 - CONTROL NUMBER IDENTIFIER
- control field: BD-RjUL
005 - DATE AND TIME OF LATEST TRANSACTION
- control field: 20240208160225.0
008 - FIXED-LENGTH DATA ELEMENTS
- fixed length control field: 240208|| aca||aabn | a|a d
040 ## - CATALOGING SOURCE
- Original cataloging agency: BD-RjUL
- Transcribing agency: BD-RjUL
151 ## - HEADING--GEOGRAPHIC NAME
- Geographic name: History and Criticism
- Form subdivision: 1947-2006
670 ## - SOURCE DATA FOUND
- Source citation: Work cat.: (BD-RjUL)83027: জিয়াউদ্দীন, মো. 11593, বাংলাদেশের উপন্যাস জনশাসনের স্বরুপ (১৯৪৭-২০০৬) /, ২০০৯